| 000 | 00712nam a2200241 a 4500 | ||
|---|---|---|---|
| 999 |
_c283 _d283 |
||
| 003 | PK-NaQUE | ||
| 005 | 20250911163538.0 | ||
| 008 | 250204b ||||| |||| 00| 0 eng d | ||
| 020 | _a0471098752 (paperback) | ||
| 020 | _a9780471098751 (paperback) | ||
| 040 | _cQUEST | ||
| 100 | 1 | _aHill, Frederick J. | |
| 245 | 1 | 0 | _aIntroduction to Switching Theory and Logical Design |
| 250 | _a3rd ed. | ||
| 260 |
_a[S.l.] : _bJohn Wiley and Sons Ltd, _c1981. |
||
| 300 | _a1 v. (unpaged) | ||
| 650 | _aSwitching circuits. | ||
| 650 | _aDigital electronics. | ||
| 650 | _aLogic design. | ||
| 700 | 1 | _aPeterson, Gerald R. | |
| 856 | 4 | 0 |
_uhttp://10.10.170.122:8080/browse/book/26453 _yDownload eBook |
| 942 |
_cBK _2ddc |
||